000 00360nam a2200145Ia 4500
008 230711s9999||||xx |||||||||||||| ||und||
041 _aENG
082 _a621
_bBR-P
100 _aBrown,Marty
245 0 _aPower supply cookbook
250 _a1st
260 _c1993
_aNew Delhi
_bMacMillan Publications Pvt.Ltd
650 _aElectrical Engineering
942 _cBK
999 _c3076
_d3076